000 00415nam a22001697a 4500
005 20180305115110.0
008 160512b xxu||||| |||| 00| 0 eng d
020 _a81-259-1010-7
041 _aeng
082 _b1751
_a332
100 _aMachinaju H.R.
_9522
245 _aIntroduction to Project Finance
260 _aNew Delhi
_bVikas Publishing
_c2001
300 _a218
650 _aManagement
_9241
942 _cBK
999 _c674
_d674